• 首页
  • 本馆介绍
  • 公告通知
  • 最新文献
  • 馆藏检索
  • 电子资源
  • 读者导购
  • 参考咨询
  • 我的图书馆
  • 登录
  • 详细信息显示
  • 放入我的书架
  • 预约/预借图书
  • 作者相关作品
  • 分类相关作品
  • 丛书相关作品
  • 出版社相关作品

书目信息

  • 表格格式
  • 工作单格式
  • 卡片格式
题名:
香港的劳资关系与法律
    
 
作者: 乔·英格兰 , 约翰·里尔 著 ;寿进文 , 唐振彬 译
分册:  
出版信息: 上海   上海翻译出版公司  1984.12
页数: 435页
开本: 21cm
丛书名: 香港问题丛书
单 册:
中图分类: F245-05
科图分类:
主题词: 劳动经济
电子资源:
ISBN:
000 00799nam0 2200265 45
001 0404281475
005 20040428145425.4
010    @dCNY3.85
091    @a4311.11
100    @a20040428d1984 km y0chiy0120 ea
101 0  @achi
105    @a z 000yy
200 1  @a香港的劳资关系与法律@AXiang Gang De Lao Zi Guan Xi Yu Fa Lu@f(英)乔·英格兰,约翰·里尔著@F(Ying)Qiao·Ying Ge Lan,Yue Han·Li Er Zhu@g寿进文,唐振彬译
210    @a上海@c上海翻译出版公司@d1984.12
215    @a435页@d21cm
225    @a香港问题丛书
410    @12001 @a香港问题丛书
606 0  @a劳动经济
690    @aF245-05@v3
701  0 @a乔·英格兰@4著
701  0 @a约翰·里尔@4著
702  0 @a寿进文@AShou Jin Wen@4译
702  0 @a唐振彬@ATang Zhen Bin@4译
801    @aCN@bPftUser@c20040428
905    @dF245-05@e17
    
    香港的劳资关系与法律/(英)乔·英格兰,约翰·里尔著/寿进文,唐振彬译.-上海:上海翻译出版公司,1984.12
    435页;21cm.-(香港问题丛书)
    
    
    ISBN :CNY3.85
    
●
相关链接 在E读中查询图书 在五车中查询图书 在当当中查询图书 在豆瓣中查询图书


正题名:香港的劳资关系与法律     索取号:F245-05/17         预约/预借

序号 登录号 条形码 馆藏地/架位号 状态 备注
1 0172124   000209580   第一借阅区/ [索取号:F245-05/17] 在馆    
2 0172125   000209544   第一借阅区/ [索取号:F245-05/17] 在馆    
3 0172126   000209624   第一样本阅览室/ [索取号:F245-05/17] 在馆    
唐山师范学院图书馆 欢迎您!
大连网信软件有限公司© 版权所有